000 00670 a2200229 4500
001 147302
003 OSt
005 20210917100031.0
008
020 _a9781137351807
082 _a382
_bP17P
245 1 _aPalgrave handbook of international trade
_cedited by Daniewl Bernhofen, Rodney E. Falvey and David Greenaway
260 _aNew York
_bPalgrave Macmillan
_c2013
300 _a711p.
653 _aEconomics
653 _aInternational trade
653 _aCommercial policy
700 _aBernhofen, Daniel
_eEditor
700 _aFalvey, Rodney E.
_eEditor
700 _aGreenaway, David
_eEditor
942 _2ddc
_cBK
999 _c13395
_d13395